000 00474nam a22001817a 4500
003 MPLRDC
005 20220104143109.0
008 210129b ||||| |||| 00| 0 eng d
020 _a957-557-730-2
082 _a226.9 GTCYL
100 _a高藤聪一郎
245 _a秘传!西藏秘教奥义
_c李芳黛译
250 _a一版一刷
260 _a
_b大展出版社有限公司
_c1997
300 _b
650 _a佛教宗派--密教
942 _cBK
_o226.9 GTCYL
999 _c36593
_d36583